000 01450nam a2200337 c 4500
999 _c169491
_d169491
003 BLK
005 20220204102045.0
008 180411b bul|||||r ||||||| ||bul||
010 _aKNG00177503000
040 _aBLK
041 _aBUL
_cBUL
080 _aРуска литература
_b821.161.1
_x-93-32
_z821.161.1-93-32
100 1 _aКублицки, Георгий Иванович
_eпърви автор
_985102
139 _aКублицки, Георгий Иванович
_bК 93
245 1 0 _aПионер на Севера
_bПовест за Фритьоф Нансен
_cГеоргий Иванович Кублицки; прев. от рус. Елка Хаджиева.
257 _aSUN
260 _bНар. култура
_c1961
_aСофия
300 _a304 с.
_bс ил.
_c21 см
380 _aX
490 _aЮношески романи
_9203326
500 _aОриг. загл. Фритьоф Нансен: Его жизнь и необыкновенные путешествия / Г. Кублицкий. - 15 080 тир.
600 1 4 _aНансен, Фритьоф
_9338223
650 4 _aНансен, Фритьоф
_9338223
653 _aФритьоф Нансен
700 1 _aХаджиева, Елка
_eпрев. от рус.
_9367886
852 _aЦб 20723
856 4 _qpdf
856 4 _qpdf
942 _cKNG
_n0
_s1
944 _aCR
_c01.07.2015
_lф /
_kТеодора_Стоянова
944 _aED
_c05.09.2017
_lф /
_kЛюдмила_Стоянова
999 _d169491